Normal view
MARC view
- Wong, Hoi Ying
Entry Personal Name
001 - CONTROL NUMBER
- control field: 13274
003 - CONTROL NUMBER IDENTIFIER
- control field: OSt
005 - DATE AND TIME OF LATEST TRANSACTION
- control field: 20160819203300.0
008 - FIXED-LENGTH DATA ELEMENTS
- fixed length control field: 160819|| aca||aabn | a|a d
040 ## - CATALOGING SOURCE
- Original cataloging agency: OSt
100 ## - HEADING--PERSONAL NAME
- Personal name: Wong, Hoi Ying
- Relator term: Author
